书目信息 |
| 题名: |
改变你的作息, 改变你的生活
|
|
| 作者: | 克什尔萨加尔 , 西顿 著 ;孙锦甜 译 | |
| 分册: | ||
| 出版信息: | 北京 北京联合出版公司 2019.07 |
|
| 页数: | 277页 | |
| 开本: | 19cm | |
| 丛书名: | ||
| 单 册: | ||
| 中图分类: | R163 | |
| 科图分类: | ||
| 主题词: | 作息制度--zuo xi zhi du | |
| 电子资源: | ||
| ISBN: | 978-7-5596-2856-5 | |
| 000 | 01122nam0 2200289 450 | |
| 001 | 95768 | |
| 005 | 20250903103546.76 | |
| 010 | @a978-7-5596-2856-5@dCNY58.00 | |
| 100 | @a20190802d2019 em y0chiy50 ea | |
| 101 | 1 | @achi@ceng@cinc |
| 102 | @aCN@b110000 | |
| 105 | @ay a 000yy | |
| 106 | @ar | |
| 200 | 1 | @a改变你的作息, 改变你的生活@Agai bian ni de zuo xi , gai bian ni de sheng huo@f(印度) 苏哈斯·克什尔萨加尔, (美) 米歇尔·西顿著@g孙锦甜译 |
| 210 | @a北京@c北京联合出版公司@d2019.07 | |
| 215 | @a277页@d19cm | |
| 312 | @a英文题名取自版权页 | |
| 320 | @a有书目 (第269-276页) | |
| 330 | @a本书融合了古老的阿育吠陀医学与先进的“诺奖”科研成果, 为你制订了整套、全面的计划, 微小的改变, 就能让你更轻松地管理体重、睡眠、压力和情绪, 彻底改变生活。 | |
| 510 | 1 | @aChange your schedule, change your life@zeng |
| 606 | 0 | @a作息制度@Azuo xi zhi du |
| 690 | @aR163@v5 | |
| 701 | 1 | @a克什尔萨加尔@Ake shen er sa jia er@g(Kshirsagar, Suhas G.)@4著 |
| 701 | 1 | @a西顿@Axi dun@g(Seaton, Michelle)@4著 |
| 702 | 0 | @a孙锦甜@Asun jin tian@4译 |
| 801 | 0 | @aCN@c20250909 |
| 905 | @a河南城建学院图书馆@dR163@eK681@f3 | |
| 改变你的作息, 改变你的生活/(印度) 苏哈斯·克什尔萨加尔, (美) 米歇尔·西顿著/孙锦甜译.-北京:北京联合出版公司,2019.07 |
| 277页;19cm |
| ISBN 978-7-5596-2856-5:CNY58.00 |
| 本书融合了古老的阿育吠陀医学与先进的“诺奖”科研成果, 为你制订了整套、全面的计划, 微小的改变, 就能让你更轻松地管理体重、睡眠、压力和情绪, 彻底改变生活。 |
| ● |
| 相关链接 |
|
|
|
正题名:改变你的作息, 改变你的生活
索取号:R163/K681
 
预约/预借
| 序号 | 登录号 | 条形码 | 馆藏地/架位号 | 状态 | 备注 |
| 1 | 1629876 | 216298762 | 自科库401/401自科库 6排4列2层/ [索取号:R163/K681] | 在馆 | |
| 2 | 1629877 | 216298771 | 自科库401/401自科库 6排4列2层/ [索取号:R163/K681] | 在馆 | |
| 3 | 1629878 | 216298780 | 自科库401/401自科库 6排4列2层/ [索取号:R163/K681] | 在馆 |